[Event "Frankfurt Ch 2013"]
[Site "Ffm-Kalbach, LAZ"]
[Date "2013.06.10"]
[Round "6.54"]
[White "Riha, Peter"]
[Black "Lehmann, Gerit"]
[Result "1/2-1/2"]
[WhiteElo "1604"]
[BlackElo "1437"]
[PlyCount "72"]
[EventDate "2013.??.??"]
[WhiteTeam "SC Bergen-Enkheim 1922"]
[BlackTeam "Sfr. Frankfurt 1921"]

1. d4 Nf6 2. c4 e6 3. Nf3 b6 4. g3 Bb7 5. Bg2 Be7 6. O-O O-O 7. Nc3 Ne4 8. Nxe4
Bxe4 9. Ne1 Bxg2 10. Nxg2 d5 11. Qa4 Qd7 12. Qxd7 Nxd7 13. cxd5 exd5 14. Nf4
Nf6 15. b3 Rac8 16. Bb2 c5 17. dxc5 Rxc5 18. Rac1 Rfc8 19. Rxc5 Rxc5 20. Rc1
Rxc1+ 21. Bxc1 Bd6 22. Nd3 Kf8 23. Kg2 Ke7 24. Bg5 h6 25. Bxf6+ Kxf6 26. Kf3 g5
27. h3 Kg6 28. b4 a6 29. Ke3 Kf6 30. Kd4 Ke6 31. e3 f6 32. f4 f5 33. g4 fxg4
34. hxg4 Be7 35. Kc3 Bf6+ 36. Kd2 Kd6 1/2-1/2

[Event "Frankfurt Ch 2013"]
[Site "Ffm-Kalbach, LAZ"]
[Date "2013.06.10"]
[Round "6.55"]
[White "Stulken, Dietmar"]
[Black "Reichel, Rolf"]
[Result "1/2-1/2"]
[WhiteElo "1427"]
[BlackElo "1580"]
[PlyCount "76"]
[EventDate "2013.??.??"]
[WhiteTeam "Sfr. Frankfurt 1921"]
[BlackTeam "Sfr. Frankfurt 1921"]

1. e4 c5 2. Nf3 Nc6 3. Bb5 a6 4. Bxc6 bxc6 5. O-O d6 6. e5 Bg4 7. h3 Bh5 8. d3
d5 9. Nbd2 e6 10. Re1 h6 11. Nf1 Bg6 12. g4 Be7 13. Bf4 Rb8 14. b3 Rb4 15. Qd2
h5 16. g5 h4 17. a3 Rb7 18. Ne3 Bh5 19. Ng4 Bxg4 20. hxg4 d4 21. Kg2 Qd5 22.
Qe2 Bd8 23. Qe4 Qxe4 24. Rxe4 Ne7 25. Rh1 Ng6 26. Bd2 a5 27. a4 Rd7 28. Kh3 Bc7
29. Ne1 Nxe5 30. f4 Ng6 31. f5 Ne5 32. fxe6 fxe6 33. Bf4 Rd5 34. Ng2 Kd7 35.
Rhe1 Nf3 36. Rf1 Nxg5+ 37. Bxg5 Rxg5 38. Rf7+ Kd6 1/2-1/2

[Event "Frankfurt Ch 2013"]
[Site "Ffm-Kalbach, LAZ"]
[Date "2013.06.10"]
[Round "6.56"]
[White "Bergner, Matthias"]
[Black "Honert, Stefan"]
[Result "1/2-1/2"]
[WhiteElo "1574"]
[BlackElo "1304"]
[PlyCount "61"]
[EventDate "2013.??.??"]
[WhiteTeam "SV 1926 Neu-Isenburg"]
[BlackTeam "Sfr. Frankfurt 1921"]

1. d4 d5 2. e3 Nf6 3. Bd3 e6 4. f4 c5 5. c3 Nc6 6. Nf3 Ne4 7. Nbd2 f5 8. O-O
Bd7 9. Ne5 Nxe5 10. fxe5 Nxd2 11. Bxd2 g6 12. b4 c4 13. Bc2 Qc7 14. a4 Be7 15.
a5 Bb5 16. Ba4 Qd7 17. Bxb5 Qxb5 18. Qa4 Qxa4 19. Rxa4 Kd7 20. b5 Rhf8 21. Bc1
a6 22. b6 g5 23. g3 h5 24. Ra2 g4 25. Ba3 Bxa3 26. Rxa3 Rh8 27. h4 gxh3 28. Kh2
Rag8 29. Kxh3 Rg4 30. Rf3 Rhg8 31. Ra2 1/2-1/2

[Event "Frankfurt Ch 2013"]
[Site "Ffm-Kalbach, LAZ"]
[Date "2013.06.10"]
[Round "6.57"]
[White "Lopez, Victor"]
[Black "Günther, Rainer"]
[Result "0-1"]
[WhiteElo "1430"]
[BlackElo "1573"]
[PlyCount "88"]
[EventDate "2013.??.??"]
[WhiteTeam "SC 1910 Höchst"]
[BlackTeam "SV Mainz-Mombach"]

1. e4 c5 2. c3 d6 3. d4 cxd4 4. cxd4 Nf6 5. Nc3 Nbd7 6. Nf3 e5 7. Bb5 a6 8. Bc4
h6 9. dxe5 Nxe5 10. Nxe5 dxe5 11. Bxf7+ Ke7 12. Qxd8+ Kxd8 13. O-O Bc5 14. Kh1
Ng4 15. Be3 Nxe3 16. fxe3 Bd7 17. Nd5 Rc8 18. Rac1 Ba7 19. Rxc8+ Kxc8 20. Rc1+
Kb8 21. g3 Bc6 22. Rc3 Rf8 23. Be6 Rf2 24. Rb3 b5 25. a4 Kb7 26. Nc3 Bxe3 27.
axb5 axb5 28. Bd5 Bxd5 29. Nxd5 Bd4 30. Nc3 Bxc3 31. bxc3 Kc6 32. Kg1 Re2 33.
Rb4 Rc2 34. Rb3 Kc5 35. g4 Re2 36. Rb4 Re3 37. Kf2 Rxc3 38. Rb2 b4 39. Ra2 b3
40. Ra5+ Kb4 41. Rxe5 b2 42. Re7 Rc5 43. Ke2 b1=Q 44. Rb7+ Rb5 0-1

[Event "Frankfurt Ch 2013"]
[Site "Ffm-Kalbach, LAZ"]
[Date "2013.06.10"]
[Round "6.59"]
[White "Lessmann, Sven"]
[Black "Muthig, Holger"]
[Result "1/2-1/2"]
[WhiteElo "1371"]
[BlackElo "1603"]
[PlyCount "96"]
[EventDate "2013.??.??"]
[WhiteTeam "SC Bad Soden"]
[BlackTeam "Sfr. Frankfurt 1921"]

1. d4 Nf6 2. Nf3 d5 3. c4 c6 4. Nc3 Nbd7 5. Bg5 e6 6. e3 Be7 7. cxd5 exd5 8.
Bd3 O-O 9. O-O Re8 10. Rc1 h6 11. Bxf6 Nxf6 12. Ne5 Bd6 13. f4 a6 14. Bb1 c5
15. Qf3 cxd4 16. exd4 Qb6 17. Qf2 Be6 18. b3 Ng4 19. Nxg4 Bxg4 20. Nxd5 Qa5 21.
Ne3 Bd7 22. Nc4 Qd5 23. Nb6 Qe6 24. Rfe1 Qg4 25. Nxa8 Rxa8 26. Qc2 g6 27. Qf2
Qxf4 28. Qxf4 Bxf4 29. Rc3 Bd2 30. Re7 Bxc3 31. Rxd7 Re8 32. Kf2 b6 33. a4 Kf8
34. Bd3 a5 35. d5 Bd4+ 36. Kf1 Re7 37. Rd6 Ke8 38. Bb5+ Kf8 39. Rd8+ Kg7 40. d6
Re6 41. d7 Rd6 42. Re8 Bf6 43. Kf2 Bg5 44. g3 h5 45. h3 Bf6 46. Kf3 g5 47. g4
h4 48. Ke3 Rd4 1/2-1/2

[Event "Frankfurt Ch 2013"]
[Site "Ffm-Kalbach, LAZ"]
[Date "2013.06.10"]
[Round "6.60"]
[White "Richter, Wolfram"]
[Black "Bernhardt, Winfried"]
[Result "1-0"]
[WhiteElo "1519"]
[BlackElo "1359"]
[PlyCount "77"]
[EventDate "2013.??.??"]
[WhiteTeam "SK Bad Sooden-Allendorf"]
[BlackTeam "SV 1997 Nauheim"]

1. c4 d6 2. Nc3 Nf6 3. g3 c6 4. d3 h6 5. Bg2 e5 6. e4 Be7 7. Be3 O-O 8. Nge2
Ng4 9. Bd2 Qb6 10. O-O Qxb2 11. Na4 Qa3 12. Nec3 b5 13. Bc1 Qb4 14. cxb5 Nf6
15. Rb1 Qa5 16. bxc6 Nxc6 17. Rb5 Qc7 18. f4 Ba6 19. Rb2 Rfb8 20. Rd2 Nd4 21.
fxe5 dxe5 22. Nd5 Nxd5 23. exd5 Bd6 24. Rdf2 f6 25. Bxh6 gxh6 26. Rxf6 Rf8 27.
Qg4+ Qg7 28. Rg6 Rxf1+ 29. Bxf1 Bf8 30. Rxg7+ Bxg7 31. Nc5 Bc8 32. Ne6 Nxe6 33.
dxe6 Rb8 34. Qg6 Ba6 35. a4 Bc8 36. Qf7+ Kh7 37. d4 exd4 38. Bd3+ Kh8 39. Qe8+
1-0

[Event "Frankfurt Ch 2013"]
[Site "Ffm-Kalbach, LAZ"]
[Date "2013.06.10"]
[Round "6.61"]
[White "Popp, Matthias"]
[Black "Mongi, Mario"]
[Result "1-0"]
[WhiteElo "1514"]
[BlackElo "1354"]
[PlyCount "65"]
[EventDate "2013.??.??"]
[WhiteTeam "SC Bergen-Enkheim 1922"]
[BlackTeam "Sfr. Frankfurt 1921"]

1. Nf3 f5 2. d4 Nf6 3. Bf4 d6 4. e3 Nc6 5. c3 e6 6. Nbd2 Be7 7. Bc4 O-O 8. Ng5
d5 9. Bb3 Ne4 10. Ngxe4 fxe4 11. Qe2 Na5 12. Bc2 c5 13. O-O c4 14. f3 b5 15.
fxe4 Bg5 16. exd5 Bxf4 17. Rxf4 Rxf4 18. exf4 exd5 19. Qh5 g6 20. Qg5 Qxg5 21.
fxg5 Bf5 22. Bxf5 gxf5 23. Re1 Nc6 24. Nf3 b4 25. Ne5 Re8 26. Kf2 bxc3 27. bxc3
Nxe5 28. Rxe5 Rxe5 29. dxe5 Kf7 30. Ke3 Ke6 31. Kd4 f4 32. h4 a6 33. a3 1-0

[Event "Frankfurt Ch 2013"]
[Site "Ffm-Kalbach, LAZ"]
[Date "2013.06.10"]
[Round "6.62"]
[White "Crnjac, Zdravko"]
[Black "Herwig-Päutz, Martin"]
[Result "0-1"]
[WhiteElo "1478"]
[BlackElo "1321"]
[PlyCount "98"]
[EventDate "2013.??.??"]
[WhiteTeam "TSG Nieder-Erlenbach 1888"]
[BlackTeam "Sfr.1891 Friedberg"]

1. e4 e5 2. Nf3 Nc6 3. Bc4 Bc5 4. d3 h6 5. Nc3 Bb4 6. a3 Bxc3+ 7. bxc3 Nf6 8.
Be3 d5 9. exd5 Nxd5 10. Qd2 Be6 11. Rb1 Qe7 12. Bxd5 Bxd5 13. Rxb7 Nd4 14. Rb4
Nxf3+ 15. gxf3 Bxf3 16. Rg1 g5 17. h3 a5 18. Rb5 Qxa3 19. Rxe5+ Kd7 20. Rg3
Qa1+ 21. Qc1 Qxc3+ 22. Qd2 Qxe5 23. Rxf3 f5 24. Kf1 f4 25. Qe2 Qa1+ 26. Kg2
Rhe8 27. h4 Qa2 28. d4 Qd5 29. c4 Qe4 30. Kg1 g4 31. Rxf4 Qxf4 32. Qc2 Qe4 33.
Qa4+ c6 34. d5 Qg6 35. dxc6+ Qxc6 36. Qd1+ Ke7 37. Qd4 Qf6 38. Qe4+ Kf8 39.
Bc5+ Kf7 40. Qh7+ Qg7 41. Qf5+ Kg8 42. Qd5+ Qf7 43. Qc6 Re1+ 44. Kh2 Qf4+ 45.
Kg2 Qf3+ 46. Qxf3 gxf3+ 47. Kxf3 a4 48. Bb4 Rc1 49. Bd2 Rxc4 0-1

[Event "Frankfurt Ch 2013"]
[Site "Ffm-Kalbach, LAZ"]
[Date "2013.06.10"]
[Round "6.64"]
[White "Mayer, Andreas"]
[Black "Romacker, Harald"]
[Result "1-0"]
[WhiteElo "1406"]
[BlackElo "1444"]
[PlyCount "127"]
[EventDate "2013.??.??"]
[WhiteTeam "Sfr. Frankfurt 1921"]
[BlackTeam "SC Steinbach"]

1. c4 Nf6 2. Nc3 e5 3. g3 d5 4. Bg2 c6 5. cxd5 cxd5 6. d3 Be7 7. Nf3 Nc6 8. O-O
h6 9. b3 d4 10. Nb1 O-O 11. Nbd2 Nd5 12. Bb2 Be6 13. Nc4 f6 14. a3 b5 15. Ncd2
f5 16. Re1 Rc8 17. e3 dxe3 18. fxe3 Bf6 19. e4 Nde7 20. Nf1 fxe4 21. Rxe4 Bd5
22. Re1 Nd4 23. N1d2 Nec6 24. b4 Qb6 25. Kh1 Nxf3 26. Nxf3 Rce8 27. Qd2 Qb7 28.
Re3 Qd7 29. Rae1 Qd6 30. Bc3 Re7 31. Qb2 Rfe8 32. Kg1 e4 33. Bxf6 Qxf6 34. Qxf6
gxf6 35. dxe4 Bc4 36. Nd2 Ne5 37. Bf1 Rc8 38. Nxc4 bxc4 39. Rc3 Rd7 40. Bh3 Rd3
41. Rxd3 Nxd3 42. Bxc8 Nxe1 43. Be6+ Kg7 44. Bxc4 Nc2 45. Kf2 Kf8 46. Kf3 Ke7
47. Kf4 Nd4 48. e5 fxe5+ 49. Kxe5 Nf3+ 50. Kf4 Nd2 51. Bd5 Kd6 52. Ba2 Nf1 53.
h4 Nd2 54. Ke3 Nf1+ 55. Kf4 Nd2 56. g4 Ke7 57. b5 Nf1 58. a4 Kd6 59. g5 hxg5+
60. hxg5 Ke7 61. a5 Nd2 62. b6 axb6 63. a6 b5 64. a7 1-0